[Event "Macaubal Tsiloufas Memorial 2nd"]
[Site "Macaubal"]
[Date "2025.03.02"]
[Round "3"]
[White "Roselli, William Sergio"]
[Black "Soares, Isabela Sousa"]
[Result "1-0"]
[WhiteElo "1800"]
[BlackElo "1805"]
[PlyCount "125"]
[EventDate "2025.03.01"]
[EventType "swiss"]
[EventRounds "6"]
[EventCountry "BRA"]
[SourceTitle "CB11_2025"]
[SourceDate "2025.03.12"]
[SourceVersion "1"]
[SourceVersionDate "2025.03.12"]
[SourceQuality "1"]

1. f4 d5 2. Nf3 Nc6 3. e3 Bg4 4. Bb5 Qd6 5. b3 0-0-0 6. Bb2 d4 7. Bxc6 bxc6 8. Bxd4 Qe6 9. Bxa7 Nf6 10. 0-0 g6 11. Qe1 Bg7 12. Bd4 Rhg8 13. d3 Qd5 14. Nbd2 Nh5 15. Bxg7 Rxg7 16. Ne5 Be6 17. Ndc4 f6 18. Nf3 Rgg8 19. Qb4 Kd7 20. Nd4 Bg4 21. Nf3 g5 22. e4 Qf7 23. f5 Nf4 24. Rae1 Qg7 25. Ne3 Bh3 26. Rf2 g4 27. Nh4 Qg5 28. g3 Nh5 29. Neg2 Bxg2 30. Kxg2 Rg7 31. Qd4+ Ke8 32. Qe3 Qxe3 33. Rxe3 c5 34. Kg1 Kf7 35. Ng2 e6 36. Ree2 e5 37. Ne3 c6 38. Nc4 Rgg8 39. a4 Ke7 40. Re1 Rd7 41. Ra1 Ra8 42. Nb6 Rda7 43. Nxa8 Rxa8 44. Rff1 Ng7 45. Kg2 Kd6 46. Rh1 h5 47. h3 gxh3+ 48. Rxh3 Ra5 49. Kf3 c4 50. b4 Ra7 51. dxc4 c5 52. c3 cxb4 53. cxb4 Ne8 54. c5+ Kc6 55. Rxh5 Rd7 56. Ra3 Rd4 57. Rb3 Nc7 58. Rh6 Ne8 59. Rh8 Nc7 60. Rf8 Rd7 61. Rxf6+ Kb7 62. Rh6 Ne8 63. c6+ 1-0

[Event "Macaubal Tsiloufas Memorial 2nd"]
[Site "Macaubal"]
[Date "2025.03.01"]
[Round "1"]
[White "Kawamoto, Victor Misao Buriti"]
[Black "Soares, Isabela Sousa"]
[Result "1-0"]
[WhiteElo "1812"]
[BlackElo "1805"]
[PlyCount "59"]
[EventDate "2025.03.01"]
[EventType "swiss"]
[EventRounds "6"]
[EventCountry "BRA"]
[SourceTitle "CB11_2025"]
[SourceDate "2025.03.12"]
[SourceVersion "1"]
[SourceVersionDate "2025.03.12"]
[SourceQuality "1"]

1. e4 c5 2. Nf3 d6 3. d4 cxd4 4. Nxd4 Nf6 5. Nc3 a6 6. Bg5 e6 7. f4 Be7 8. Qf3 h6 9. Bh4 e5 10. Nf5 Bxf5 11. exf5 Nc6 12. 0-0-0 0-0 13. g4 e4 14. Qh3 Nh7 15. Bxe7 Qxe7 16. Bg2 Nf6 17. Rhe1 Rae8 18. Bxe4 Nxe4 19. Rxe4 Qd7 20. f6 Rxe4 21. Nxe4 Qe6 22. fxg7 Kxg7 23. Rxd6 Qxe4 24. Qxh6+ Kg8 25. Qg5+ Kh8 26. Rh6+ Qh7 27. Qf6+ Kg8 28. Rxh7 Kxh7 29. h4 Kg8 30. h5 1-0